[Event "70.Camp. Veneto Quarti di Finale"]
[Site "Nevegal ITA"]
[Date "2010.05.08"]
[Round "2.12"]
[White "Dal Bianco, Nicola"]
[Black "Scali, Fausto"]
[Result "0-1"]
[WhiteElo "1582"]
[BlackElo "1974"]
[Annotator "Gabriele Ballarin"]
[PlyCount "110"]
[EventDate "2010.05.07"]
[EventType "swiss"]
[EventRounds "5"]
[EventCountry "ITA"]

1. c4 c6 2. Nc3 d5 3. cxd5 cxd5 4. d4 Nf6 5. Nf3 Nc6 6. Bg5 Ne4 7. e3 Nxg5 8. Nxg5 e5 9. Nf3 e4 10. Nd2 Be6 11. Be2 Be7 12. O-O O-O 13. Rc1 Qd7 14. f3 f5 15. f4 g5 16. g3 Kh8 17. Nb3 Rg8 18. Qd2 gxf4 19. exf4 Bf6 20. Kh1 Qg7 21. Nc5 Bf7 22. Nxb7 Nxd4 23. Nd6 Be6 24. Ncb5 Nxb5 25. Nxb5 Rac8 26. Rxc8 Rxc8 27. b3 d4 28. Rc1 Rxc1+ 29. Qxc1 d3 30. Bd1 Qd7 31. Qc5 Qe7 32. Qxa7 Qxa7 33. Nxa7 e3 34. Kg1 e2 35. Bxe2 dxe2 36. Kf2 Bd4+ 37. Kxe2 Bxa7 38. h3 Kg7 39. Kf3 Bd5+ 40. Ke2 Bg2 41. h4 Bd5 42. Ke1 Kg6 43. Kd2 Kh5 44. Kc3 Kg4 45. a4 Kxg3 46. b4 Kxf4 47. a5 Ke5 48. b5 f4 49. b6 f3 50. Kd3 Bxb6 51. axb6 Kd6 52. Ke3 Kc5 53. Kf2 Kxb6 54. Kg3 Kc5 55. Kf2 Kd4 0-1

[Event "70.Camp. Veneto Quarti di Finale"]
[Site "Nevegal ITA"]
[Date "2010.05.08"]
[Round "2.13"]
[White "Barp, Alberto"]
[Black "Losso, Agostino"]
[Result "1-0"]
[WhiteElo "1500"]
[BlackElo "1791"]
[Annotator "Gabriele Ballarin"]
[PlyCount "67"]
[EventDate "2010.05.07"]
[EventType "swiss"]
[EventRounds "5"]
[EventCountry "ITA"]

1. d4 Nf6 2. c4 c5 3. d5 e6 4. Nc3 exd5 5. Nxd5 Nxd5 6. cxd5 d6 7. Nf3 g6 8. e4 Bg7 9. Be2 O-O 10. O-O Re8 11. Qc2 Nd7 12. Bd2 f5 13. Ng5 Nf6 14. Bb5 Re7 15. exf5 Bxf5 16. Bd3 Bxd3 17. Qxd3 Re5 18. Ne6 Qb6 19. Nxg7 Kxg7 20. Bc3 Re7 21. Rfe1 Rae8 22. Rxe7+ Rxe7 23. Qf3 Rf7 24. Re1 Qd8 25. Re6 b5 26. b3 b4 27. Bb2 a5 28. Qf4 h6 29. Qxd6 Qxd6 30. Rxd6 g5 31. Kf1 h5 32. Ke2 Kg6 33. Kd3 Kf5 34. Rxf6+ 1-0

[Event "70.Camp. Veneto Quarti di Finale"]
[Site "Nevegal ITA"]
[Date "2010.05.08"]
[Round "2.14"]
[White "Pisani, Valerio"]
[Black "De Colle, Camillo"]
[Result "1-0"]
[WhiteElo "1771"]
[BlackElo "1508"]
[Annotator "Gabriele Ballarin"]
[PlyCount "117"]
[EventDate "2010.05.07"]
[EventType "swiss"]
[EventRounds "5"]
[EventCountry "ITA"]

1. e4 e6 2. Nf3 b6 3. d4 d5 4. e5 Ne7 5. Bd3 Ba6 6. Nc3 Bxd3 7. Qxd3 Qd7 8. Ng5 Ng6 9. h4 Be7 10. h5 Nf8 11. Qf3 Bxg5 12. Bxg5 h6 13. Bh4 Nc6 14. Qg4 Rg8 15. O-O-O Nh7 16. f4 Ne7 17. Qe2 f6 18. g4 g5 19. fxg5 Nxg5 20. Rhf1 Nc6 21. Rxf6 Rh8 22. Qe3 O-O-O 23. Bxg5 hxg5 24. Qxg5 Rdg8 25. Qf4 Rh7 26. Rf1 Nd8 27. h6 Rg6 28. g5 Qe8 29. Rxg6 Qxg6 30. Qf6 Qe8 31. Qf8 Kd7 32. Qxe8+ Kxe8 33. Rf6 Nf7 34. Rxe6+ Kf8 35. Rg6 Nxg5 36. Rxg5 Rxh6 37. Nxd5 c5 38. c3 c4 39. Ne3 b5 40. Rf5+ Ke7 41. Nd5+ Kd7 42. b3 Rh1+ 43. Kb2 Ke6 44. Ne3 Rh2+ 45. Ka3 a5 46. Rf6+ Ke7 47. bxc4 b4+ 48. cxb4 Rh3 49. bxa5 Rxe3+ 50. Kb4 Re2 51. a4 Rb2+ 52. Kc5 Ra2 53. a6 Rxa4 54. d5 Ra1 55. d6+ Ke8 56. Kb6 Ra4 57. c5 Rb4+ 58. Kc7 Rb7+ 59. Kxb7 1-0

[Event "70.Camp. Veneto Quarti di Finale"]
[Site "Nevegal ITA"]
[Date "2010.05.08"]
[Round "2.15"]
[White "Vomiero, Luciano"]
[Black "Bona, Massimiliano"]
[Result "0-1"]
[WhiteElo "1464"]
[BlackElo "1746"]
[Annotator "Gabriele Ballarin"]
[PlyCount "112"]
[EventDate "2010.05.07"]
[EventType "swiss"]
[EventRounds "5"]
[EventCountry "ITA"]

1. e3 d5 2. d4 Nf6 3. Nc3 c6 4. Nf3 Bg4 5. Be2 e6 6. Bd2 Bd6 7. h3 Bh5 8. Ng1 Bxe2 9. Qxe2 Nbd7 10. Nf3 a6 11. e4 dxe4 12. Nxe4 Nxe4 13. Qxe4 Nf6 14. Qe2 Qb6 15. Bc3 Nd5 16. O-O Nxc3 17. bxc3 O-O 18. Ne5 Qc7 19. Rab1 Bxe5 20. dxe5 b5 21. Qe4 Rac8 22. a4 Qa5 23. axb5 cxb5 24. Ra1 Qb6 25. Ra3 Rc4 26. Qe2 Rfc8 27. Rfa1 Rxc3 28. Rxa6 Qc5 29. Ra8 Rc4 30. Rxc8+ Qxc8 31. Qf3 Ra4 32. Rb1 Ra5 33. Qd3 g6 34. Rxb5 Rxb5 35. Qxb5 Qxc2 36. Qf1 Kg7 37. f4 Qd2 38. Qf2 Qd1+ 39. Kh2 Qd8 40. Qg3 h5 41. Qg5 Qxg5 42. fxg5 Kf8 43. Kg3 Ke8 44. h4 Kd7 45. Kf4 Kc6 46. Ke4 Kc5 47. g3 Kc4 48. Ke3 Kd5 49. Kf4 Kd4 50. g4 hxg4 51. Kxg4 Kxe5 52. h5 gxh5+ 53. Kxh5 Kf5 54. Kh6 e5 55. Kg7 Kxg5 56. Kxf7 e4 0-1

[Event "70.Camp. Veneto Quarti di Finale"]
[Site "Nevegal ITA"]
[Date "2010.05.08"]
[Round "2.16"]
[White "Bortolotto, Denzio"]
[Black "Pasa, Giovanni"]
[Result "1-0"]
[WhiteElo "1725"]
[BlackElo "1443"]
[Annotator "Gabriele Ballarin"]
[PlyCount "93"]
[EventDate "2010.05.07"]
[EventType "swiss"]
[EventRounds "5"]
[EventCountry "ITA"]

1. d4 Nf6 2. c4 g6 3. Nc3 Bg7 4. e4 d6 5. Nf3 O-O 6. Be2 Nbd7 7. O-O e5 8. d5 Nc5 9. Nd2 a5 10. f3 Nh5 11. Nb3 b6 12. a4 g5 13. Nxc5 bxc5 14. g4 Nf4 15. Bxf4 gxf4 16. Rf2 h5 17. h3 Kh7 18. Rg2 Rh8 19. Qe1 Kg8 20. Rh2 Bd7 21. Bf1 Bf6 22. Qe2 Bh4 23. Bg2 Bg3 24. Rh1 hxg4 25. fxg4 Qe7 26. Qf3 Bc8 27. Kf1 Ba6 28. b3 Rb8 29. Nb5 f6 30. Qc3 Kf7 31. Qxa5 Bxb5 32. axb5 Ra8 33. Qc3 Rab8 34. Ke2 Rb7 35. Ra6 Rhb8 36. Rha1 Rb6 37. Ra7 Qd8 38. R1a6 Kg6 39. Qa5 Bh4 40. b4 cxb4 41. Qxb4 Rxa6 42. Rxa6 Qc8 43. Qa5 Rb7 44. Rc6 Qb8 45. Ra6 Qc8 46. Ra8 Qd7 47. Qa6 1-0

[Event "70.Camp. Veneto Quarti di Finale"]
[Site "Nevegal ITA"]
[Date "2010.05.08"]
[Round "2.18"]
[White "Basso, Pier Luigi"]
[Black "Dal Farra, Nicola"]
[Result "1-0"]
[WhiteElo "1666"]
[BlackElo "1440"]
[Annotator "Gabriele Ballarin"]
[PlyCount "53"]
[EventDate "2010.05.07"]
[EventType "swiss"]
[EventRounds "5"]
[EventCountry "ITA"]

1. e4 e5 2. Nf3 Nc6 3. d4 f6 4. dxe5 fxe5 5. Bc4 Nf6 6. O-O b6 7. Nc3 Bb7 8. Ng5 Nd4 9. Nf7 Ke7 10. Nxd8 Rxd8 11. Nd5+ Nxd5 12. Bxd5 Bxd5 13. exd5 Ke8 14. Qh5+ g6 15. Qxe5+ Ne6 16. dxe6 Rc8 17. exd7+ Kxd7 18. Qxh8 Bd6 19. Qxh7+ Kc6 20. Qxg6 Kb7 21. Bf4 Bxf4 22. Qe4+ Kb8 23. Qxf4 Re8 24. h4 Rh8 25. h5 Rxh5 26. Qf8+ Kb7 27. Qf3+ 1-0

[Event "70.Camp. Veneto Quarti di Finale"]
[Site "Nevegal ITA"]
[Date "2010.05.08"]
[Round "2.19"]
[White "Piazzetta, Mattia"]
[Black "Soppelsa, Maurizio"]
[Result "0-1"]
[WhiteElo "1440"]
[BlackElo "1617"]
[Annotator "Gabriele Ballarin"]
[PlyCount "84"]
[EventDate "2010.05.07"]
[EventType "swiss"]
[EventRounds "5"]
[EventCountry "ITA"]

1. e4 c6 2. c4 d5 3. cxd5 cxd5 4. exd5 Nf6 5. Bc4 Nbd7 6. Nc3 Nb6 7. Bb5+ Bd7 8. Bxd7+ Qxd7 9. Nf3 Nbxd5 10. Nxd5 Qxd5 11. O-O g6 12. d4 Bg7 13. Be3 O-O 14. Qb3 Rfd8 15. Qxd5 Nxd5 16. Rac1 Rac8 17. Rxc8 Rxc8 18. Rc1 Rxc1+ 19. Bxc1 Nb4 20. a3 Nc2 21. d5 Nd4 22. Nxd4 Bxd4 23. Kf1 Kf8 24. Be3 Bxb2 25. Bxa7 Bxa3 26. f4 f5 27. Ke2 b5 28. Kd3 Ke8 29. Kc3 Kd7 30. Kb3 Bd6 31. g3 Kc7 32. Bd4 Kb7 33. Be5 Kb6 34. Bxd6 exd6 35. Kb4 Ka6 36. h3 h6 37. g4 h5 38. gxh5 gxh5 39. h4 Kb6 40. Kc3 Kc5 41. Kb3 Kxd5 42. Kb4 Ke4 0-1

[Event "70.Camp. Veneto Quarti di Finale"]
[Site "Nevegal ITA"]
[Date "2010.05.08"]
[Round "3.1"]
[White "Genocchio, Daniele"]
[Black "Rotoni, Matteo"]
[Result "1-0"]
[WhiteElo "2438"]
[BlackElo "2142"]
[Annotator "Gabriele Ballarin"]
[PlyCount "67"]
[EventDate "2010.05.07"]
[EventType "swiss"]
[EventRounds "5"]
[EventCountry "ITA"]

1. g3 d5 2. Bg2 Nc6 3. d3 e5 4. e3 Be6 5. b4 Bd6 6. Bb2 f6 7. Nd2 a5 8. b5 Nce7 9. e4 c6 10. Ngf3 Nh6 11. d4 Nf7 12. bxc6 bxc6 13. O-O Rb8 14. Qc1 O-O 15. c4 Qd7 16. Re1 dxc4 17. Rb1 exd4 18. Nxd4 Ne5 19. Nxe6 Qxe6 20. Bf1 Nd3 21. Bxd3 cxd3 22. Re3 Rb5 23. Rxd3 Rfb8 24. Kg2 Be5 25. Bxe5 fxe5 26. Rxb5 Rxb5 27. Rd8+ Kf7 28. Qc3 Ng6 29. h3 Nf8 30. Nf3 h6 31. a4 Rb4 32. Nxe5+ Kg8 33. Qc5 Qf6 34. Ra8 1-0

[Event "70.Camp. Veneto Quarti di Finale"]
[Site "Nevegal ITA"]
[Date "2010.05.08"]
[Round "3.2"]
[White "Pastres, Roberto"]
[Black "Bontempi, Piero"]
[Result "1-0"]
[WhiteElo "2128"]
[BlackElo "2356"]
[Annotator "Antonio Rosino"]
[PlyCount "73"]
[EventDate "2010.05.07"]
[EventType "swiss"]
[EventRounds "5"]
[EventCountry "ITA"]

1. e4 c5 2. Nf3 Nc6 3. Bb5 d6 4. O-O Bd7 5. c3 a6 6. Ba4 Nf6 7. d3 g6 8. h3 Bg7 9. Bg5 O-O 10. Bc2 h6 11. Be3 b5 12. Qd2 Kh7 13. d4 cxd4 14. cxd4 d5 (14... Rc8) 15. Nc3 Be6 (15... dxe4 16. Nxe4 Rc8) 16. e5 Nd7 17. Rad1 Nb6 18. Qe2 Qd7 19. Nh4 Nc4 20. Bc1 Qa7 (20... Rfc8) 21. Qh5 Kg8 (21... Nxd4 22. Rxd4 Qxd4 23. Nxg6 f5 24. Ne2 Qb6 25. Nef4) 22. Nxg6 fxg6 23. Qxg6 Rf7 24. Bxh6 Kf8 25. Qxe6 Nxd4 26. Rxd4 Qxd4 27. Bg6 Nxe5 28. Bxf7 Bxh6 (28... Nxf7 29. Bxg7+ Kxg7 (29... Qxg7 30. Nxd5) 30. Nxd5) 29. Qxh6+ Kxf7 30. Rd1 Qb4 (30... Nf3+ 31. gxf3 Rg8+ 32. Kf1 Qc4+ 33. Ne2) 31. Qh5+ Ke6 32. Nxd5 Qc5 33. Nf4+ Kf6 34. Qh6+ Kf7 35. Rd5 (35. Qh7+ Kf6 36. g4 Nf3+ 37. Kg2 Nh4+ 38. Kg3) 35... Qc6 (35... Nf3+ 36. gxf3 Rg8+ 37. Kf1 Qc4+ 38. Ke1 Rg1+ 39. Kd2 Qc1+ 40. Kd3 Qc4+ 41. Kd2) 36. Qh5+ Ng6 37. Qh7+ 1-0

[Event "70.Camp. Veneto Quarti di Finale"]
[Site "Nevegal ITA"]
[Date "2010.05.08"]
[Round "3.3"]
[White "Luciani, Valerio"]
[Black "Boscolo, Federico"]
[Result "0-1"]
[WhiteElo "2213"]
[BlackElo "2113"]
[Annotator "Gabriele Ballarin"]
[PlyCount "90"]
[EventDate "2010.05.07"]
[EventType "swiss"]
[EventRounds "5"]
[EventCountry "ITA"]

1. d4 Nf6 2. c4 g6 3. Nc3 Bg7 4. Nf3 O-O 5. g3 d6 6. Bg2 c6 7. O-O Qa5 8. h3 Qa6 9. Nd2 e5 10. d5 cxd5 11. cxd5 Nbd7 12. Re1 b5 13. b4 e4 14. Nb3 Nb6 15. Rb1 Nc4 16. Nd4 e3 17. fxe3 Bd7 18. a4 bxa4 19. b5 Qa5 20. Qd3 Rac8 21. Nc6 Bxc6 22. dxc6 Nh5 23. Qxc4 Bxc3 24. Rd1 Nxg3 {=} 25. Ba3 Nf5 26. Rd3 Be5 27. Be4 Ng3 28. Bf3 Qd8 29. Qxa4 h5 30. Kf2 Nf5 31. Rg1 Qf6 32. Bc1 Rfe8 33. Ke1 Bg3+ 34. Kf1 Bh4 35. Qb3 Ng3+ 36. Kg2 Re5 37. Qd1 Rg5 38. e4 Nxe4+ 39. Bxg5 Qxg5+ 40. Kf1 Ng3+ 41. Ke1 Qxb5 42. Rxg3 Bxg3+ 43. Kf1 Qg5 44. Qa1 Qc5 45. Rd4 Be5 0-1

[Event "70.Camp. Veneto Quarti di Finale"]
[Site "Nevegal ITA"]
[Date "2010.05.08"]
[Round "3.4"]
[White "Vianello, Enrico"]
[Black "Capraro, Fabio"]
[Result "1-0"]
[WhiteElo "2188"]
[BlackElo "2088"]
[Annotator "Gabriele Ballarin"]
[PlyCount "49"]
[EventDate "2010.05.07"]
[EventType "swiss"]
[EventRounds "5"]
[EventCountry "ITA"]

1. d4 e5 2. dxe5 Nc6 3. Nf3 Qe7 4. e3 Nxe5 5. Be2 g6 6. c4 d6 7. Nc3 c6 8. b3 Bg7 9. Bb2 Nf6 10. Ba3 Kd7 11. Nd4 h5 12. Qd2 Rd8 13. h3 Ne8 14. f4 Kc7 15. fxe5 Qxe5 16. O-O-O Bh6 17. Nc2 Bf5 18. Bd3 Be6 19. Bb2 Qg5 20. Kb1 d5 21. cxd5 Bxd5 22. Nxd5+ Rxd5 23. Qe2 Rad8 24. e4 R5d7 25. Bc1 1-0

[Event "70.Camp. Veneto Quarti di Finale"]
[Site "Nevegal ITA"]
[Date "2010.05.08"]
[Round "3.5"]
[White "Lorusso, Giuseppe"]
[Black "Xia, Jie"]
[Result "0-1"]
[WhiteElo "1992"]
[BlackElo "2198"]
[Annotator "Gabriele Ballarin"]
[PlyCount "118"]
[EventDate "2010.05.07"]
[EventType "swiss"]
[EventRounds "5"]
[EventCountry "ITA"]

1. d4 Nf6 2. c4 g6 3. Nc3 Bg7 4. e4 d6 5. Nf3 O-O 6. Be2 c6 7. O-O a6 8. d5 Bg4 9. Be3 c5 10. a4 Qc7 11. Qd2 e6 12. Rad1 e5 13. h3 Bxf3 14. Bxf3 Kh8 15. g4 Ng8 16. g5 f5 17. gxf6 Nxf6 18. Bg4 Qf7 19. Be6 Qe8 20. f4 exf4 21. Bxf4 Qe7 22. Qh2 Ne8 23. e5 dxe5 24. Bxe5 Nd7 25. Rxf8+ Nxf8 26. Bxg7+ Nxg7 27. Bg4 h5 28. Bf3 Nd7 29. Qd2 Nf5 30. Be4 Ne5 31. Qf4 Nd6 32. Qh6+ Qh7 33. Qxh7+ Kxh7 34. b3 Re8 35. Bg2 Nef7 36. Kf2 Kg7 37. Re1 Rxe1 38. Kxe1 Kf6 39. Ne4+ Nxe4 40. Bxe4 Nd6 41. Bd3 a5 42. h4 g5 43. hxg5+ Kxg5 44. Kf2 Kf4 45. Bf1 Ke5 46. Bh3 h4 47. Ke3 Ne4 48. Bc8 b6 49. Bd7 Ng5 50. Kf2 Kf4 51. Kg2 Ke5 52. Bc8 Ne4 53. Kh3 Nd2 54. Kxh4 Nxb3 55. Kg5 Nd2 56. Ba6 Ne4+ 57. Kg6 Nc3 58. Kf7 Kd6 59. Kf6 Nxa4 0-1

[Event "70.Camp. Veneto Quarti di Finale"]
[Site "Nevegal ITA"]
[Date "2010.05.08"]
[Round "3.6"]
[White "Velluti, Alberto"]
[Black "Solinas, Carlo"]
[Result "1-0"]
[WhiteElo "1932"]
[BlackElo "2005"]
[Annotator "Gabriele Ballarin"]
[PlyCount "53"]
[EventDate "2010.05.07"]
[EventType "swiss"]
[EventRounds "5"]
[EventCountry "ITA"]

1. e4 e5 2. Bc4 Nf6 3. Nf3 Nc6 4. d3 Be7 5. Nc3 O-O 6. Be3 d6 7. a3 Bg4 8. Rg1 Nd4 9. h3 Nxf3+ 10. gxf3 Bh5 11. Qd2 c6 12. Ne2 d5 13. Bb3 Bg6 14. O-O-O a5 15. f4 dxe4 16. fxe5 Nd5 17. dxe4 Bxe4 18. f4 a4 19. Ba2 Qa5 20. Ng3 Nxe3 21. Qxe3 Bd5 22. Nf5 Bc5 23. Rxg7+ Kh8 24. Qg3 Rg8 25. Rxh7+ Kxh7 26. Qh4+ Kg6 27. Qg5+ 1-0

[Event "70.Camp. Veneto Quarti di Finale"]
[Site "Nevegal ITA"]
[Date "2010.05.08"]
[Round "3.7"]
[White "Soppelsa, Maurizio"]
[Black "Tomio, Dante"]
[Result "1-0"]
[WhiteElo "1617"]
[BlackElo "1978"]
[Annotator "Gabriele Ballarin"]
[PlyCount "37"]
[EventDate "2010.05.07"]
[EventType "swiss"]
[EventRounds "5"]
[EventCountry "ITA"]

1. Nf3 d5 2. d4 Nf6 3. e3 c6 4. Bd3 Nbd7 5. O-O e6 6. Nbd2 Bd6 7. e4 dxe4 8. Nxe4 Nxe4 9. Bxe4 Nf6 10. Bd3 Qc7 11. Re1 h6 12. Ne5 O-O 13. Qf3 Bd7 14. Bxh6 gxh6 15. Qxf6 Bxe5 16. dxe5 Qd8 17. Qxh6 f5 18. Qg6+ Kh8 19. Re3 1-0

[Event "70.Camp. Veneto Quarti di Finale"]
[Site "Nevegal ITA"]
[Date "2010.05.08"]
[Round "3.8"]
[White "Scali, Fausto"]
[Black "Bortolotto, Denzio"]
[Result "1/2-1/2"]
[WhiteElo "1974"]
[BlackElo "1725"]
[Annotator "Gabriele Ballarin"]
[PlyCount "46"]
[EventDate "2010.05.07"]
[EventType "swiss"]
[EventRounds "5"]
[EventCountry "ITA"]

1. e4 c5 2. Nf3 Nf6 3. Nc3 d6 4. d4 cxd4 5. Nxd4 a6 6. Be2 e6 7. O-O Be7 8. a4 O-O 9. Kh1 Nc6 10. f4 Qc7 11. Nb3 Na5 12. g4 Nxb3 13. cxb3 b6 14. g5 Nd7 15. Be3 Bb7 16. Bf3 f5 17. gxf6 Nxf6 18. Rc1 Qd8 19. Qd4 Nd7 20. Rg1 e5 21. Qc4+ Kh8 22. Qe6 exf4 23. Qg4 g5 1/2-1/2

[Event "70.Camp. Veneto Quarti di Finale"]
[Site "Nevegal ITA"]
[Date "2010.05.08"]
[Round "3.9"]
[White "Aprile, Massimo"]
[Black "Castellano, Alfonso"]
[Result "0-1"]
[WhiteElo "1478"]
[BlackElo "1939"]
[Annotator "Gabriele Ballarin"]
[PlyCount "74"]
[EventDate "2010.05.07"]
[EventType "swiss"]
[EventRounds "5"]
[EventCountry "ITA"]

1. d4 Nf6 2. Nf3 g6 3. c3 Bg7 4. e3 d6 5. Bd3 Nbd7 6. O-O e5 7. dxe5 dxe5 8. e4 O-O 9. Nbd2 Nc5 10. Bc2 Qe7 11. Qe2 b6 12. Nc4 Ba6 13. Bg5 Qe6 14. Nfd2 Ne8 15. b4 Nd7 16. Bb3 h6 17. Be3 Qc6 18. a4 b5 19. axb5 Bxb5 20. Ra5 a6 21. Rfa1 Nd6 22. Ba4 Nxe4 23. Bxb5 axb5 24. Rxa8 Rxa8 25. Rxa8+ Qxa8 26. Na5 Nd6 27. Nf3 Qd5 28. Qd2 Qxd2 29. Nxd2 e4 30. Bd4 Bxd4 31. cxd4 f5 32. Kf1 Nb6 33. Ke2 Kf7 34. f3 Ke6 35. fxe4 fxe4 36. Ke3 Nd5+ 37. Kf2 e3+ 0-1

[Event "70.Camp. Veneto Quarti di Finale"]
[Site "Nevegal ITA"]
[Date "2010.05.08"]
[Round "3.10"]
[White "Rossi, Aldo V"]
[Black "Buzzatti, Francesco"]
[Result "0-1"]
[WhiteElo "1392"]
[BlackElo "1918"]
[Annotator "Gabriele Ballarin"]
[PlyCount "102"]
[EventDate "2010.05.07"]
[EventType "swiss"]
[EventRounds "5"]
[EventCountry "ITA"]

1. c4 g6 2. d4 Bg7 3. Nc3 d6 4. e4 Nf6 5. f3 O-O 6. Nge2 Nbd7 7. Be3 e5 8. d5 Ne8 9. Qd2 a5 10. Ng3 f5 11. Bh6 Nc5 12. Bxg7 Nxg7 13. Bd3 f4 14. Nge2 Qh4+ 15. Kd1 g5 16. Kc2 g4 17. g3 Qf6 18. Raf1 fxg3 19. hxg3 gxf3 20. Nc1 Qg6 21. Qh2 Bg4 22. Rf2 a4 23. Qh6 Qxh6 24. Rxh6 Nh5 25. Rh2 Kg7 26. R6xh5 Bxh5 27. Rxh5 Nxd3 28. Nxd3 f2 29. Nxf2 Rxf2+ 30. Kc1 Kg6 31. g4 a3 32. b3 Rg2 33. Nb5 Rxg4 34. Rh2 Rc8 35. Nxa3 Rxe4 36. Kd2 h5 37. Nb1 Rf8 38. Nc3 Ref4 39. Ne2 Rf2 40. Rh1 Rg2 41. Ke3 Rff2 42. Re1 Rxe2+ 43. Rxe2 Rxe2+ 44. Kxe2 Kf5 45. b4 Ke4 46. a4 Kd4 47. c5 dxc5 48. b5 Kxd5 49. a5 h4 50. a6 bxa6 51. bxa6 Kc6 0-1

[Event "70.Camp. Veneto Quarti di Finale"]
[Site "Nevegal ITA"]
[Date "2010.05.08"]
[Round "3.12"]
[White "Bona, Massimiliano"]
[Black "Franco, Alessandro P"]
[Result "0-1"]
[WhiteElo "1746"]
[BlackElo "1843"]
[Annotator "Gabriele Ballarin"]
[PlyCount "48"]
[EventDate "2010.05.07"]
[EventType "swiss"]
[EventRounds "5"]
[EventCountry "ITA"]

1. d4 Nf6 2. c4 e6 3. Nf3 c5 4. d5 b5 5. cxb5 Nxd5 6. e4 Nf6 7. Bg5 Be7 8. Nc3 Bb7 9. Bxf6 Bxf6 10. e5 Be7 11. Be2 O-O 12. O-O f6 13. Qc2 fxe5 14. Nxe5 Rf5 15. Bf3 d5 16. Rfe1 Bd6 17. Nc4 Bc7 18. Qe2 Rf6 19. Rad1 Nd7 20. Bg4 Nf8 21. Ne4 Rh6 22. Ng3 Qh4 23. Ne5 Qxh2+ 24. Kf1 Qh1+ 0-1

[Event "70.Camp. Veneto Quarti di Finale"]
[Site "Nevegal ITA"]
[Date "2010.05.08"]
[Round "3.13"]
[White "Barp, Alberto"]
[Black "Pisani, Valerio"]
[Result "0-1"]
[WhiteElo "1500"]
[BlackElo "1771"]
[Annotator "Gabriele Ballarin"]
[PlyCount "62"]
[EventDate "2010.05.07"]
[EventType "swiss"]
[EventRounds "5"]
[EventCountry "ITA"]

1. d4 d5 2. c4 e6 3. Nc3 Nf6 4. Bf4 Bd6 5. Bxd6 Qxd6 6. c5 Qe7 7. e3 Nc6 8. Bd3 e5 9. Bb5 exd4 10. Qxd4 O-O 11. Nxd5 Nxd5 12. Qxd5 Rd8 13. Qc4 Ne5 14. Qc2 Be6 15. Ne2 a6 16. Ba4 Nd3+ 17. Kf1 Nxc5 18. Nd4 Nxa4 19. Qxa4 b5 20. Qc2 Bc4+ 21. Ne2 Qd6 22. Ke1 Bd3 23. Qd2 Qe7 24. Nd4 Rxd4 25. Rd1 c5 26. Qc3 Bf5 27. Rxd4 cxd4 28. Qxd4 Rd8 29. Qb6 Bd3 30. a3 Qd7 31. Qxa6 Bc4 0-1

[Event "70.Camp. Veneto Quarti di Finale"]
[Site "Nevegal ITA"]
[Date "2010.05.08"]
[Round "3.14"]
[White "Barp, Denis"]
[Black "Della Vecchia, Vincenzino"]
[Result "1-0"]
[WhiteElo "1440"]
[BlackElo "1515"]
[Annotator "Gabriele Ballarin"]
[PlyCount "63"]
[EventDate "2010.05.07"]
[EventType "swiss"]
[EventRounds "5"]
[EventCountry "ITA"]

1. d4 d5 2. c4 Nf6 3. Nc3 e6 4. Nf3 Nbd7 5. c5 c6 6. Bf4 Be7 7. e3 Ne4 8. Nxe4 dxe4 9. Nd2 Qa5 10. a3 O-O 11. b4 Qd8 12. Nxe4 Nf6 13. Bd3 Nxe4 14. Bxe4 f5 15. Bd3 Bg5 16. Qf3 Bxf4 17. Qxf4 Qf6 18. Bc4 Kh8 19. O-O Re8 20. Rad1 e5 21. dxe5 Qg6 22. Rd6 Be6 23. Bxe6 Rxe6 24. Rfd1 Rae8 25. Rxe6 Qxe6 26. Rd6 Qb3 27. h3 Qb1+ 28. Kh2 h6 29. e6 Qc2 30. Qe5 Qxf2 31. e7 f4 32. Rxh6+ 1-0

[Event "70.Camp. Veneto Quarti di Finale"]
[Site "Nevegal ITA"]
[Date "2010.05.08"]
[Round "3.16"]
[White "Aprile, Martino"]
[Black "Cirino, Gaetano"]
[Result "1-0"]
[WhiteElo "1841"]
[BlackElo "1440"]
[Annotator "Gabriele Ballarin"]
[PlyCount "81"]
[EventDate "2010.05.07"]
[EventType "swiss"]
[EventRounds "5"]
[EventCountry "ITA"]

1. e4 d5 2. exd5 Qxd5 3. Nc3 Qa5 4. d4 Nf6 5. Nf3 Bf5 6. Ne5 e6 7. Nc4 Qb4 8. a3 Qe7 9. Bf4 Nc6 10. g3 Rd8 11. Ne2 Be4 12. Rg1 Nxd4 13. Nxd4 c5 14. Nd6+ Rxd6 15. Bxd6 Qxd6 16. Nb5 Qb6 17. Rb1 Be7 18. Nc3 Bg6 19. Bb5+ Kf8 20. Bd3 Bd6 21. h4 Ke7 22. g4 Qc6 23. Bb5 Qc7 24. Qe2 h5 25. g5 Qa5 26. gxf6+ gxf6 27. Kf1 Bf5 28. Rh1 Rh6 29. Rd1 Be5 30. Rd7+ Kf8 31. Qd2 Kg7 32. Rg1+ Rg6 33. Rxg6+ Bxg6 34. Rxb7 Bf5 35. Be8 Qa6+ 36. Rb5 Bd4 37. Ne2 e5 38. c3 Qc8 39. cxd4 Qxe8 40. Rxc5 exd4 41. Rxf5 1-0

[Event "70.Camp. Veneto Quarti di Finale"]
[Site "Nevegal ITA"]
[Date "2010.05.08"]
[Round "3.17"]
[White "Losso, Agostino"]
[Black "Capraro, Michele"]
[Result "1-0"]
[WhiteElo "1791"]
[BlackElo "1440"]
[Annotator "Gabriele Ballarin"]
[PlyCount "47"]
[EventDate "2010.05.07"]
[EventType "swiss"]
[EventRounds "5"]
[EventCountry "ITA"]

1. e4 e5 2. Nf3 Nc6 3. Bb5 b6 4. c3 Nf6 5. Qe2 Bd6 6. d4 a6 7. Bxc6 dxc6 8. dxe5 Be7 9. exf6 Bxf6 10. e5 Be7 11. Bf4 Be6 12. Nbd2 Qd5 13. O-O O-O 14. c4 Qa5 15. b3 b5 16. Rfe1 Rad8 17. Ne4 f6 18. exf6 gxf6 19. Bh6 Rf7 20. Rad1 Rxd1 21. Rxd1 c5 22. Nxc5 Bf5 23. Rd8+ Bxd8 24. Qe8+ 1-0

[Event "70.Camp. Veneto Quarti di Finale"]
[Site "Nevegal ITA"]
[Date "2010.05.08"]
[Round "3.18"]
[White "Pasa, Giovanni"]
[Black "Dal Bianco, Nicola"]
[Result "0-1"]
[WhiteElo "1443"]
[BlackElo "1582"]
[Annotator "Gabriele Ballarin"]
[PlyCount "68"]
[EventDate "2010.05.07"]
[EventType "swiss"]
[EventRounds "5"]
[EventCountry "ITA"]

1. Nf3 b6 2. e4 Bb7 3. d3 Nf6 4. g3 e6 5. Bg2 Be7 6. Nbd2 d6 7. O-O O-O 8. Nh4 Nbd7 9. f4 Ne8 10. Nhf3 f5 11. Nd4 Nc5 12. b4 Bf6 13. Bb2 Bxd4+ 14. Bxd4 Nd7 15. Nc4 c5 16. Bc3 cxb4 17. Bxb4 Nc5 18. e5 Bxg2 19. Kxg2 a5 20. Bxc5 dxc5 21. Rb1 Rb8 22. a4 Rf7 23. Na3 Nc7 24. c4 Rd7 25. Rb3 g5 26. Kf2 gxf4 27. gxf4 Qh4+ 28. Kg2 Rg7+ 29. Kh1 Kh8 30. d4 Rbg8 31. Rb2 Qh3 32. Nb5 Nxb5 33. cxb5 cxd4 34. Rbf2 Rg2 0-1

[Event "70.Camp. Veneto Quarti di Finale"]
[Site "Nevegal ITA"]
[Date "2010.05.08"]
[Round "3.19"]
[White "De Colle, Camillo"]
[Black "Piazzetta, Mattia"]
[Result "1-0"]
[WhiteElo "1508"]
[BlackElo "1440"]
[Annotator "Gabriele Ballarin"]
[PlyCount "83"]
[EventDate "2010.05.07"]
[EventType "swiss"]
[EventRounds "5"]
[EventCountry "ITA"]

1. e4 e5 2. Nf3 Nc6 3. d4 f6 4. Bc4 exd4 5. Nxd4 Nxd4 6. Qxd4 d6 7. O-O Bd7 8. Nc3 Qe7 9. Nd5 Qe5 10. Qxe5+ fxe5 11. Nxc7+ Kd8 12. Nxa8 Nf6 13. Bg5 Be7 14. Bxf6 Bxf6 15. Bd5 Bc6 16. a4 Bxd5 17. exd5 Kd7 18. Nb6+ axb6 19. Ra3 e4 20. Rb3 Kc7 21. Re1 Ra8 22. Rxe4 b5 23. g3 bxa4 24. Rc4+ Kb8 25. Re3 b5 26. Rb4 Ra5 27. c4 Bd4 28. Re2 Bc5 29. Rxb5+ Rxb5 30. cxb5 Kb7 31. Re7+ Kb6 32. Rxg7 Bd4 33. Rg4 Bxb2 34. Rxa4 Kxb5 35. Ra7 Kc5 36. Rxh7 Kxd5 37. Kf1 Kc5 38. Ke2 d5 39. Kd3 d4 40. f4 Bc1 41. Rc7+ Kd5 42. Rxc1 1-0